• 首页
  • 本馆介绍
  • 公告通知
  • 最新文献
  • 馆藏检索
  • 电子资源
  • 读者导购
  • 参考咨询
  • 我的图书馆
  • 登录
  • 详细信息显示
  • 放入我的书架
  • 预约/预借图书
  • 作者相关作品
  • 分类相关作品
  • 丛书相关作品
  • 出版社相关作品

书目信息

  • 表格格式
  • 工作单格式
  • 卡片格式
题名:
实用稳定性及应用
    
 
作者: 玛尔德纽克 , 孙振绮 著
分册:  
出版信息: 北京   科学出版社  2004
页数: 230页
开本: 24cm
丛书名: 科学版研究生教学丛书
单 册:
中图分类: O175.13
科图分类:
主题词: 稳定性(数学)
电子资源:
ISBN: 7-03-012446-4
000 01021nam0 2200277 450
000 01027nam0 2200277 450
000 00957nam0 2200253 450
000 00921nam0 2200241 45
005 20070527153121.53
010    @a7-03-012446-4@dCNY23.00
100    @a20070430d2004 em y0chiy0120 ea
101 1  @achi@ceng
102    @aCN@b110000
105    @ay z 000yy
200 1  @a实用稳定性及应用@AShi Yong Wen Ding Xing Ji Ying Yong@f阿·阿·玛尔德纽克,孙振绮著@FA· A· Ma Er De Niu Ke, Sun Zhen Qi Zhu
210    @a北京@c科学出版社@d2004
215    @a230页@d24cm
225 2  @a科学版研究生教学丛书
330    @a本书详细介绍具有有限个自由度系统的运动实用稳定性的一般理论,对于模拟方程的各类方程组建立了各种类型的实用稳定性的充分条件,并应用于某些火箭动力学问题等内容。
410  0 @12001 @a科学版研究生教学丛书
606 0  @a稳定性(数学)
690    @aO175.13@v4
701  1 @a玛尔德纽克@AMa Er De Niu Ke@4著
701  0 @a孙振绮@ASun Zhen Qi@4著
801  0 @aCN@bTAOJIN@c20070527
905    @a10447@dO175.13@e115
    
    实用稳定性及应用/阿·阿·玛尔德纽克,孙振绮著.-北京:科学出版社,2004
    230页;24cm.-(科学版研究生教学丛书)
    
    
    ISBN 7-03-012446-4:CNY23.00
    本书详细介绍具有有限个自由度系统的运动实用稳定性的一般理论,对于模拟方程的各类方程组建立了各种类型的实用稳定性的充分条件,并应用于某些火箭动力学问题等内容。
●
相关链接 在E读中查询图书 在五车中查询图书 在当当中查询图书 在豆瓣中查询图书


正题名:实用稳定性及应用     索取号:O175.13/115         预约/预借

序号 登录号 条形码 馆藏地/架位号 状态 备注
1 0523008   205230089   第二样本阅览室/ [索取号:O175.13/115] 在馆    
2 0523009   205230098   第三借阅区/ [索取号:O175.13/115] 在馆    
唐山师范学院图书馆 欢迎您!
大连网信软件有限公司© 版权所有